[Event "Santa Fe qual Santafesino op"]
[Site "Santa Fe"]
[Date "2021.03.27"]
[Round "3"]
[White "Aguero, Raul Alberto"]
[Black "Ferrero, Francisco"]
[Result "0-1"]
[WhiteElo "1395"]
[BlackElo "1640"]
[PlyCount "55"]
[EventDate "2021.03.26"]
[EventType "swiss"]
[EventRounds "7"]
[EventCountry "ARG"]
[SourceTitle "EXT 2022"]
[Source "ChessBase"]
[SourceDate "2021.10.06"]
[SourceVersion "1"]
[SourceVersionDate "2021.10.06"]
[SourceQuality "1"]

1. e4 e5 2. Nf3 Nc6 3. Bb5 a6 4. Ba4 Nf6 5. 0-0 b5 6. Bb3 Be7 7. c3 0-0 8. Re1 d5 9. exd5 Nxd5 10. Nxe5 Nxe5 11. Rxe5 c6 12. d4 Bd6 13. Re1 Qh4 14. g3 Qh3 15. Re4 g5 16. Qf1 Qh5 17. Qe2 g4 18. Re8 Bd7 19. Rxa8 Rxa8 20. Nd2 Re8 21. Qf1 Bf5 22. a3 Re6 23. c4 Nf4 24. gxf4 Bxf4 25. Qg2 Re1+ 26. Nf1 Bxh2+ 27. Qxh2 Rxf1+ 28. Kxf1 0-1

[Event "Santa Fe qual Santafesino op"]
[Site "Santa Fe"]
[Date "2021.03.26"]
[Round "2"]
[White "Lobbosco, Lautaro"]
[Black "Aguero, Raul Alberto"]
[Result "1-0"]
[WhiteElo "1687"]
[BlackElo "1395"]
[PlyCount "32"]
[EventDate "2021.03.26"]
[EventType "swiss"]
[EventRounds "7"]
[EventCountry "ARG"]
[SourceTitle "EXT 2022"]
[Source "ChessBase"]
[SourceDate "2021.10.06"]
[SourceVersion "1"]
[SourceVersionDate "2021.10.06"]
[SourceQuality "1"]

1. d4 Nf6 2. c4 c5 3. dxc5 Qa5+ 4. Nc3 Ne4 5. Qc2 Nxc3 6. Bd2 Qxc5 7. Qxc3 Nc6 8. Nf3 d6 9. g3 e5 10. e3 Qb4 11. Qxb4 Nxb4 12. a3 Nc6 13. Bg2 Be7 14. 0-0 Bd7 15. Rfe1 0-0 16. b4 b6 1-0

[Event "San Justo op"]
[Site "San Justo"]
[Date "2019.04.14"]
[Round "5.8"]
[White "Sarla, Andres"]
[Black "Aguero, Raul Alberto"]
[Result "1/2-1/2"]
[WhiteElo "1257"]
[BlackElo "1470"]
[PlyCount "105"]
[EventDate "2019.04.13"]
[EventType "swiss"]
[EventRounds "6"]
[EventCountry "ARG"]
[SourceTitle "EXT 2024"]
[Source "ChessBase"]
[SourceDate "2023.10.10"]
[SourceVersion "1"]
[SourceVersionDate "2023.10.10"]
[SourceQuality "1"]

1. Nf3 Nf6 2. c4 g6 3. Nc3 Bg7 4. g3 d5 5. cxd5 Nxd5 6. Bg2 Nxc3 7. bxc3 0-0 8. 0-0 Nc6 9. Qb3 Rb8 10. Ba3 Be6 11. Qc2 b5 12. Ng5 Bd7 13. Rad1 h6 14. Nf3 a5 15. Bb2 e5 16. d4 exd4 17. cxd4 Nb4 18. Qb3 Be6 19. Qc3 Bxa2 20. Ba3 Nd5 21. Qc5 b4 22. Bb2 Nc3 23. Rd2 Rb5 24. Qa7 Bd5 25. e3 Ne4 26. Rc2 c6 27. Rfc1 Qd6 28. Ra1 Bb3 29. Re2 a4 30. Nd2 Nxd2 31. Rxd2 a3 32. Bxa3 bxa3 33. Rxa3 Be6 34. Ra6 Rb1+ 35. Bf1 Bh3 36. Ra1 Rxa1 37. Qxa1 Bxf1 38. Kxf1 Qd5 39. Kg1 Rb8 40. Rb2 Rxb2 41. Qxb2 Qf3 42. Qb8+ Kh7 43. Qc7 Qd5 44. h4 h5 45. Kf1 Bf8 46. Ke2 c5 47. dxc5 Bxc5 48. Qa5 Qc4+ 49. Kf3 Bf8 50. Qd8 Bg7 51. Qe7 Kh6 52. Qd6 Qg4+ 53. Kg2 1/2-1/2

[Event "Santa Fe Anca op 3rd"]
[Site "Santa Fe"]
[Date "2019.03.23"]
[Round "4"]
[White "Aguero, Raul Alberto"]
[Black "Acosta, Carlos Rafael"]
[Result "1/2-1/2"]
[WhiteElo "1468"]
[BlackElo "1778"]
[PlyCount "69"]
[EventDate "2019.03.22"]
[EventType "swiss"]
[EventRounds "6"]
[EventCountry "ARG"]
[SourceTitle "CBM 190 Extra"]
[Source "ChessBase"]
[SourceDate "2019.07.15"]
[SourceVersion "1"]
[SourceVersionDate "2019.07.15"]
[SourceQuality "1"]

1. e4 c5 2. Nf3 g6 3. d3 Bg7 4. Nbd2 Nc6 5. c3 d5 6. Qe2 Nf6 7. g3 0-0 8. Bg2 Bg4 9. h3 Bxf3 10. Nxf3 Qd7 11. e5 Ne8 12. d4 cxd4 13. cxd4 Nc7 14. Bf4 Ne6 15. Be3 f5 16. Qd2 a5 17. Ng5 Rac8 18. a3 Nxg5 19. Bxg5 e6 20. 0-0 Rf7 21. Rac1 Qe8 22. Rc3 Qf8 23. h4 Rfc7 24. Rfc1 h6 25. Bf4 Kh7 26. Bf3 Qd8 27. g4 Ne7 28. g5 h5 29. Be2 Rxc3 30. Rxc3 Bf8 31. Rxc8 Nxc8 32. Qc2 Na7 33. Bd2 Nc6 34. Qc3 Qb6 35. Be3 1/2-1/2

[Event "Santa Fe Anca op 3rd"]
[Site "Santa Fe"]
[Date "2019.03.23"]
[Round "2"]
[White "Aguero, Raul Alberto"]
[Black "Lobbosco, Lautaro"]
[Result "1/2-1/2"]
[WhiteElo "1468"]
[BlackElo "1554"]
[PlyCount "106"]
[EventDate "2019.03.22"]
[EventType "swiss"]
[EventRounds "6"]
[EventCountry "ARG"]
[SourceTitle "CBM 190 Extra"]
[Source "ChessBase"]
[SourceDate "2019.07.15"]
[SourceVersion "1"]
[SourceVersionDate "2019.07.15"]
[SourceQuality "1"]

1. e4 c5 2. Nf3 e6 3. d3 Nc6 4. Nbd2 Qc7 5. g3 Nf6 6. Bg2 Be7 7. c3 b5 8. 0-0 0-0 9. Re1 d6 10. Nf1 Bb7 11. h4 Nd7 12. N1h2 a5 13. d4 cxd4 14. cxd4 Nb4 15. Re2 Rac8 16. Bd2 Qc2 17. Bxb4 Qxd1+ 18. Rxd1 axb4 19. g4 Rc7 20. g5 Rfc8 21. Rdd2 Nb6 22. b3 Nd7 23. Ne1 f6 24. Bh3 Kf7 25. d5 exd5 26. exd5 fxg5 27. Be6+ Kf8 28. h5 Re8 29. Ng4 Nf6 30. Nxf6 Bxf6 31. Re3 Bc8 32. Rde2 Bxe6 33. dxe6 Be5 34. Rf3+ Kg8 35. Nd3 Rxe6 36. Nxb4 Rce7 37. Kg2 Bd4 38. Rc2 Re8 39. Nc6 Bb6 40. Nb4 Rf8 41. Rxf8+ Kxf8 42. Nd5 Bd4 43. a4 bxa4 44. bxa4 Bc5 45. Nc7 Re4 46. Ra2 Bb6 47. Nb5 Rg4+ 48. Kf1 d5 49. a5 Bxa5 50. Rxa5 Rh4 51. Ra8+ Ke7 52. Ra7+ Kf6 53. Nc3 d4 1/2-1/2

[Event "San Justo IRT 5th"]
[Site "San Justo"]
[Date "2018.09.29"]
[Round "3.5"]
[White "Aguero, Raul Alberto"]
[Black "Fernandez, Jose1111"]
[Result "1/2-1/2"]
[WhiteElo "1515"]
[BlackElo "1390"]
[PlyCount "101"]
[EventDate "2018.09.29"]
[EventType "swiss"]
[EventRounds "6"]
[EventCountry "ARG"]
[SourceTitle "EXT 2024"]
[Source "ChessBase"]
[SourceDate "2023.10.10"]
[SourceVersion "1"]
[SourceVersionDate "2023.10.10"]
[SourceQuality "1"]

1. e4 e5 2. Nf3 Nc6 3. Bb5 d6 4. c3 Bd7 5. h3 a6 6. Ba4 h6 7. 0-0 Nf6 8. Re1 b5 9. Bc2 Ne7 10. d4 Ng6 11. Nbd2 Be7 12. Nf1 0-0 13. Ng3 Nh7 14. Nf5 Bg5 15. Nxg5 Nxg5 16. dxe5 Nxe5 17. f4 Nxh3+ 18. gxh3 Ng6 19. Qh5 Bxf5 20. exf5 Qh4 21. Qxh4 Nxh4 22. Kf2 g6 23. f6 Rae8 24. Bd2 Re6 25. Rxe6 fxe6 26. Kg3 Nf5+ 27. Bxf5 gxf5 28. a4 Kf7 29. axb5 axb5 30. b4 Kxf6 31. Ra7 Rc8 32. Be3 e5 33. fxe5+ dxe5 34. Ra6+ c6 35. Bc5 f4+ 36. Kf3 Kf5 37. Ra7 e4+ 38. Kf2 Ke6 39. Rh7 Kd5 40. Rxh6 e3+ 41. Ke2 Ke4 42. Re6+ Kf5 43. Re7 Rh8 44. Bxe3 fxe3 45. Rxe3 Rh6 46. Kf3 Rxh3+ 47. Kf2 Rxe3 48. Kxe3 Ke5 49. Kd3 Kd5 50. Kd2 Ke4 51. Ke2 1/2-1/2